Lowest Ranking Team in Each Confederation Entering World Cup - Statistics

General Stats
  • This quiz has been taken 1,618 times
  • The average score is 38 of 57
Answer Stats
Answer % Correct
United States
88%
Canada
86%
Australia
85%
New Zealand
84%
Paraguay
84%
Peru
84%
Uruguay
84%
Chile
83%
Colombia
83%
Ecuador
83%
Mexico
82%
Argentina
80%
Brazil
80%
Panama
80%
Costa Rica
78%
Bolivia
76%
Honduras
75%
Iran
73%
South Korea
73%
Saudi Arabia
72%
Sweden
72%
Egypt
71%
Russia
71%
China PR
70%
South Africa
68%
Poland
67%
Wales
67%
Jamaica
66%
North Korea
66%
Ghana
65%
Scotland
65%
Denmark
64%
Nigeria
64%
Morocco
63%
Switzerland
63%
Algeria
62%
Cuba
62%
El Salvador
61%
Austria
60%
Cameroon
60%
Senegal
60%
Trinidad and Tobago
60%
Belgium
58%
Tunisia
56%
Ukraine
56%
Haiti
54%
Turkey
52%
Bulgaria
51%
France
50%
Northern Ireland
50%
Bosnia and Herzegovina
49%
Zaire
49%
Israel
41%
Togo
39%
Dutch East Indies
38%
United Arab Emirates
37%
Kuwait
31%
No matching quizzes found
Score Distribution
Percent of People with Each Score
Percentile by Number Answered
Your Score History
You have not taken this quiz